ბათუმის შოთა რუსთაველის სახელმწიფო უნივერსიტეტის ბიბლიოთეკა

საუკნის დაბადება (ბიბ.ჩანაწერი № 42445)

000 -LEADER
fixed length control field 00721nam a2200229Ia 4500
001 - CONTROL NUMBER
control field 9141
003 - CONTROL NUMBER IDENTIFIER
control field GE_BSU
008 - FIXED-LENGTH DATA ELEMENTS--GENERAL INFORMATION
fixed length control field 181216s||||||||xx |||||||||||||| ||und||
040 ## - CATALOGING SOURCE
Transcribing agency GE_BSU
080 ## - UNIVERSAL DECIMAL CLASSIFICATION NUMBER
Universal Decimal Classification number 821.353.1-31
100 ## - MAIN ENTRY--PERSONAL NAME
Personal name ლორია,პარმენ
245 ## - TITLE STATEMENT
Title საუკნის დაბადება
245 ## - TITLE STATEMENT
Remainder of title რომანი:წიგნი პირველი
245 ## - TITLE STATEMENT
Statement of responsibility, etc. რედ:მ.კუბლაშვილი
260 ## - PUBLICATION, DISTRIBUTION, ETC.
Place of publication, distribution, etc. თბილისი.
260 ## - PUBLICATION, DISTRIBUTION, ETC.
Name of publisher, distributor, etc. აჭარის სახელგამი.
260 ## - PUBLICATION, DISTRIBUTION, ETC.
Date of publication, distribution, etc. 1945
300 ## - PHYSICAL DESCRIPTION
Extent 234გვ;20სმ.
653 ## - INDEX TERM--UNCONTROLLED
Uncontrolled term რომანი
653 ## - INDEX TERM--UNCONTROLLED
Uncontrolled term საუკნის დაბადება
942 ## - ADDED ENTRY ELEMENTS (KOHA)
Koha item type წიგნი
ეგზემპლარები
Withdrawn status Lost status Damaged status Not for loan Date acquired Barcode Date last seen Price effective from Koha item type
        2018-12-17 31922 2018-12-17 2018-12-17 წიგნი
        2018-12-17 31923 2018-12-17 2018-12-17 წიგნი
        2018-12-17 31924 2018-12-17 2018-12-17 წიგნი
        2018-12-17 31925 2018-12-17 2018-12-17 წიგნი
        2018-12-17 31926 2018-12-17 2018-12-17 წიგნი
        2018-12-17 31927 2018-12-17 2018-12-17 წიგნი
        2018-12-17 31928 2018-12-17 2018-12-17 წიგნი